Gazetteer of Kashmir and Ladak : (Record no. 329841)
[ view plain ]
| 000 -LEADER | |
|---|---|
| fixed length control field | 01246cam a2200289 a 4500 |
| 001 - CONTROL NUMBER | |
| control field | 3920399 |
| 003 - CONTROL NUMBER IDENTIFIER | |
| control field | NUST |
| 005 - DATE AND TIME OF LATEST TRANSACTION | |
| control field | 20170523144633.0 |
| 008 - FIXED-LENGTH DATA ELEMENTS--GENERAL INFORMATION | |
| fixed length control field | 921102r19911890pk ab 000 0 eng |
| 010 ## - LIBRARY OF CONGRESS CONTROL NUMBER | |
| LC control number | 91931050 |
| 020 ## - INTERNATIONAL STANDARD BOOK NUMBER | |
| Terms of availability | Rs1000.00 |
| 040 ## - CATALOGING SOURCE | |
| Original cataloging agency | DLC |
| Transcribing agency | DLC |
| 043 ## - GEOGRAPHIC AREA CODE | |
| Geographic area code | a-ii--- |
| 050 00 - LIBRARY OF CONGRESS CALL NUMBER | |
| Classification number | DS485.K22 |
| Item number | G39 1991 |
| 082 00 - DEWEY DECIMAL CLASSIFICATION NUMBER | |
| Classification number | 915.4913 GAZ |
| Edition number | 20 |
| 245 00 - TITLE STATEMENT | |
| Title | Gazetteer of Kashmir and Ladak : |
| Remainder of title | together with routes in the territories of the Maharaja of Jam[m]u and Kashmir / |
| Statement of responsibility, etc. | compiled under the direction of the Quarter Master General in india. |
| 260 ## - PUBLICATION, DISTRIBUTION, ETC. | |
| Place of publication, distribution, etc. | Lahore, Pakistan : |
| Name of publisher, distributor, etc. | Sang-e-Meel Publications, |
| Date of publication, distribution, etc. | 1991. |
| 300 ## - PHYSICAL DESCRIPTION | |
| Extent | 871, 218 p. : |
| Other physical details | ill., maps ; |
| Dimensions | 25 cm. |
| 500 ## - GENERAL NOTE | |
| General note | Includes a reproduction of original t.p. |
| 500 ## - GENERAL NOTE | |
| General note | Originally published: Calcutta : Superintendent of Govt. Printing, 1890. |
| 500 ## - GENERAL NOTE | |
| General note | For requesting libraries only. |
| 651 #0 - SUBJECT ADDED ENTRY--GEOGRAPHIC NAME | |
| Geographic name | Jammu and Kashmir (India) |
| General subdivision | Gazetteers. |
| 9 (RLIN) | 1366 |
| 651 #0 - SUBJECT ADDED ENTRY--GEOGRAPHIC NAME | |
| Geographic name | Ladākh (India) |
| General subdivision | Gazetteers. |
| 9 (RLIN) | 1367 |
| 710 1# - ADDED ENTRY--CORPORATE NAME | |
| Corporate name or jurisdiction name as entry element | India. |
| Subordinate unit | Quarter Master General's Department. |
| -- | Intelligence Branch. |
| 9 (RLIN) | 1368 |
| 906 ## - LOCAL DATA ELEMENT F, LDF (RLIN) | |
| a | 7 |
| b | cbc |
| c | orignew |
| d | 2 |
| e | ncip |
| f | 19 |
| g | y-gencatlg |
| 942 ## - ADDED ENTRY ELEMENTS (KOHA) | |
| Source of classification or shelving scheme | |
| Koha item type | Book |
| Withdrawn status | Lost status | Source of classification or shelving scheme | Damaged status | Not for loan | Permanent Location | Current Location | Date acquired | Total Checkouts | Full call number | Barcode | Date last seen | Price effective from | Koha item type |
|---|---|---|---|---|---|---|---|---|---|---|---|---|---|
| School of Civil and Environmental Engineering (SCEE) | School of Civil and Environmental Engineering (SCEE) | 05/23/2017 | 915.4913 GAZ | NIT-8730 | 05/23/2017 | 05/23/2017 | Book |
